|
|
|
|
| LEADER |
00000nam a2200000 a 4500 |
| 005 |
20111212120633.0 |
| 007 |
cr|||| |||| |
| 008 |
081020s2007 sp 000 0|spa c |
| 017 |
|
|
|a DL SE. 6147-2007
|
| 020 |
|
|
|a 9788498491449
|
| 035 |
|
|
|a 5929
|
| 040 |
|
|
|a vLex
|
| 090 |
|
|
|c 2819
|d 2819
|
| 245 |
0 |
0 |
|a Dimensiones jurd̕icas de la globalizacin̤
|h [Recurso electrn̤ico] /
|c Alfonso de Julios-Campuzano (ed.)
|
| 256 |
|
|
|a Servicio en ln̕ea
|
| 260 |
|
|
|a Madrid :
|b Dykinson,
|c DL 2007
|
| 300 |
|
|
|a 1 recurso electrn̤ico
|
| 500 |
|
|
|a El complejo mundo de las relaciones internacionales ha dejado de ser unitario y tambiň ces ̤de ser internacional en el sentido ms̀ puro del třmino. Hablamos ya de un espacio global que es, a la vez, ml︢tiple e interdependiente. El Estado queda descolocado, fuera de juego, al albur de las marejadas de ml︢tiples e imprevisibles fuerzas de diversa naturaleza. En este nuevo orden socio-econm̤icos poliďrico y multicňdiversa naturaleza.
|
| 504 |
|
|
|a Referencias bibliogrf̀icas
|
| 505 |
8 |
|
|a Índice de contenidos: Globalizacin̤, pluralismo jurd̕ico y ciencia del derecho -- Constitucionalismo y globalizacin̤ -- El significado de la solidaridad como valor fundante de los derechos humanos -- Derechos sociales y globalizacin̤ -- Autonoma̕ polt̕ica y derechos en la sociedad global -- Un desafo̕ para los ordenamientos en el siglo XXI: el desarrollo sostenible -- Comercio internacional, corrupcin̤ y derechos humanos
|
| 506 |
1 |
|
|a Contenido solo disponible en los productos indicados
|d vLex Global
|d vLex Global (Academic Edition, excluding Law Schools)
|d vLex Global (U.S. Academic Edition, Law Schools)
|d vLex Global (U.S. Academic Edition, excluding Law Schools)
|d vLex Global (Academic Edition, Law Schools)
|
| 650 |
0 |
4 |
|a Sociologia jurd̕ica
|
| 650 |
0 |
4 |
|a Globalizacin̤
|x Aspectos sociales
|
| 650 |
0 |
4 |
|a Globalizacin̤
|x Aspectos legales
|
| 650 |
0 |
4 |
|a Derechos humanos
|
| 700 |
1 |
|
|a Julios-Campuzano, Alfonso de
|
| 740 |
0 |
|
|a vLex Libros (Servicio en ln̕ea)
|
| 856 |
4 |
0 |
|u http://vlex.com/source/dimensiones-juridicas-globalizacion-5929
|z Acceso restringido
|
| 942 |
|
|
|c BOOK
|
| 999 |
0 |
|
|a Human rights
|
| 999 |
0 |
|
|a International law
|